| 000 | 00636cam a22002291 4500 | ||
|---|---|---|---|
| 001 | sa 64002369 | ||
| 003 | DLC | ||
| 005 | 20260227112009.0 | ||
| 008 | 790713s1962 ii c 000 0beng | ||
| 010 | _asa 64002369 | ||
| 035 | _a(OCoLC)5166839 | ||
| 040 |
_aDLC _cMnMohC _dDLC |
||
| 042 | _apremarc | ||
| 050 | 0 | 0 |
_aBF585.B3 _bP7 1962 |
| 100 | 0 |
_aŚrīprakāśa, _d1890-1971. |
|
| 245 | 1 | 0 | _aAnnie Besant as woman and as leader. |
| 250 | _a[3d ed.] | ||
| 260 |
_aBombay, _bBharatiya Vidya Bhavan, _c1962. |
||
| 300 |
_a231 p. _bports. _c18 cm. |
||
| 440 | 0 |
_aBhavans̓ book university, _v24 |
|
| 600 | 1 | 0 |
_aBesant, Annie, _d1847-1933. |
| 999 |
_c57297 _d57297 |
||